000 01835nam a2200229Ia 4500
008 260220t2001||||xx |||||||||||||| ||spa||
040 _aPY-SlUNAC
_bspa
_erda
041 _aspa
082 _a333.7
_bP948p
245 0 _aProyecto sistema ambiental de la región oriental del Paraguay-saro :
_binforme técnico final
264 _aAsunción :
_bGrafitec,
_c℗2001.
300 _a1 volumen
520 _aEl "Proyecto sistema ambiental de la región oriental del Paraguay-saro: informe técnico final" es un documento exhaustivo que aborda la situación ambiental, social y económica de la región oriental del Paraguay, proponiendo un enfoque integral para la gestión sostenible de sus recursos naturales. A través de un análisis detallado, se identifican los principales problemas ambientales, como la deforestación, la contaminación de aguas y la pérdida de biodiversidad, y se examinan sus causas y consecuencias en la calidad de vida de las comunidades locales. El informe presenta una serie de recomendaciones estratégicas orientadas a la conservación y uso sostenible de los recursos, incluyendo la promoción de prácticas agrícolas sostenibles, la reforestación y la educación ambiental. Además, se destaca la importancia de la participación de las comunidades en la toma de decisiones y en la implementación de políticas ambientales. Este informe es un recurso fundamental para investigadores, responsables de políticas y organizaciones no gubernamentales interesadas en el desarrollo sostenible y la protección del medio ambiente en Paraguay.
653 _aDesarrollo sostenible
653 _aMedio ambiente
653 _aRegiones
942 _b2026/02/17
_cBK
999 _c7075
_d7075